[Event "Candidates Tournament"]
[Site "Ekaterinburg"]
[Date "2020.03.21"]
[Round "4"]
[White "Vachier Lagrave, Maxime"]
[Black "Grischuk, Alexander"]
[Result "1/2-1/2"]
[WhiteElo "2767"]
[BlackElo "2777"]
[Annotator "Edouard,R"]
[PlyCount "106"]
[EventDate "2020.03.15"]
[EventType "tourn"]
[EventRounds "14"]
[EventCountry "RUS"]
[EventCategory "21"]
[SourceTitle "CBM 195"]
[Source "ChessBase"]
[SourceDate "2020.04.30"]
[SourceVersion "1"]
[SourceVersionDate "2020.04.30"]
[SourceQuality "1"]

1. e4 e5 2. Nf3 Nc6 3. Bb5 Nf6 4. O-O Nxe4 5. d4 Nd6 6. Bxc6 dxc6 7. dxe5 Nf5
8. Qxd8+ Kxd8 9. h3 Ke8 10. Nc3 h5 11. Bf4 Be7 {This position is considered as
one of the critical ones in the Berlin endgame. Nakamura, Grischuk, Karjakin
have played it countless times! Add to these names Carlsen, Giri, and many
more, and it becomes clear the position is a tabya.} 12. Rad1 $5 (12. Rfe1 {
is the other critical option.} Be6 13. Ne4 h4 14. c3 Rd8 15. Nfg5 Rh6 16. Nxe6
Rxe6 17. g4 hxg3 18. fxg3 {This position has been reached in no less than five
high level games - but it seems Black does manage to equalize. Funnily enough,
Duda was always White! And Nakamura was often Black, as the two of them did
play an internet match in 2019.} c5 (18... Rd3 {seems unprecise:} 19. Kh2 c5
20. h4 c4 21. h5 Kf8 22. Nf2 Rd5 23. Rad1 Rxd1 24. Rxd1 g5 25. hxg6 Rxg6 26.
Ne4 Ra6 27. a3 Ng7 28. Kh3 Ne6 29. Kg4 $16 {1-0 (40) Duda,J (2730)-Nakamura,H 
(2745) chess.com 2019}) 19. Re2 {In 2019, Duda chose these move several times,
instead of 19.Kg2 he had played in 2018. So, it is surely a better one!} ({
After} 19. Kg2 c4 20. Re2 Rd3 21. Nf2 Rd5 22. h4 {Duda anyway managed to beat
Karjakin in two blitz games - but of course the position is close to equal.
Here perhaps 22...Kd7!?N could be tried.}) 19... Rd3 20. h4 $1 (20. Kh2 $6 g5
$1 21. Nxg5 Nxg3 $132 {½-½ (60) Duda,J (2730)-Nakamura,H (2745) chess.com
2019}) 20... c4 21. Kh2 Ra6 22. a3 Rb6 23. Rf1 Rd5 24. h5 Rdb5 25. Rff2 $16 {
1-0 (40) Duda,J (2730)-Nakamura,H (2745) chess.com 2019}) 12... Be6 13. Ng5 Rh6
14. Rfe1 $5 ({Other moves were played, but didn't bring White much, for
example:} 14. g3 Bxg5 15. Bxg5 Rg6 16. h4 $5 ({after} 16. Bf4 Nh4 17. Kh2 Nf3+
18. Kg2 {ended by great fight against Etienne Bacrot: ½-½ (18) Edouard,R 
(2638)-Bacrot,E (2699) Nimes 2018}) 16... f6 17. exf6 gxf6 18. Bf4 Rc8 $5 (
18... Nxh4 19. f3 Rd8 20. Kf2 Rxd1 21. Nxd1 Nf5 22. Rh1 Bxa2 23. Rxh5 Be6 {
also led to several draws}) 19. Kh2 Kf7 20. Ne4 b6 21. Rfe1 Rgg8 22. b3 Rge8
23. f3 c5 24. c3 a5 $13 {½-½ (37) Vachier Lagrave,M (2785)-Nakamura,H (2787)
Gibraltar 2016}) 14... Bb4 15. a3 (15. g4 {was MVL's previous try.} hxg4 16.
hxg4 Ne7 17. f3 $5 ({The following amazing game was actually all prepared by
both players, White playing quick moves and Black trying to remember his notes:
} 17. Nxe6 Rxe6 18. Kg2 Bxc3 19. bxc3 Rd8 20. Rxd8+ Kxd8 21. Rh1 Nd5 22. Bg3
Rh6 23. Rxh6 gxh6 24. Kh3 Nxc3 25. Kh4 Nxa2 26. Kh5 Nc3 27. Kxh6 a5 28. f4 a4
29. f5 Ke8 30. g5 a3 31. e6 a2 32. Kg7 fxe6 33. f6 a1=Q 34. f7+ Kd7 35. Be5 Qa5
36. Bf6 Qc5 37. f8=Q Qxf8+ 38. Kxf8 Ne4 39. Kf7 Nxg5+ 40. Bxg5 Kd6 41. Kf6 e5
42. Kf5 Kd5 43. Bd8 Kd4 44. Bxc7 Kc3 45. Kxe5 Kxc2 {½-½ Vachier Lagrave,M 
(2791)-Karjakin,S (2773) Saint Louis 2017. One word: insane!}) 17... Bxc3 18.
bxc3 Bxa2 (18... Nd5 19. Bd2 Nb6 20. Nxe6 Rxe6 21. Kf2 Rd8 22. Bg5 Rxd1 23.
Rxd1 {was played three (!) times between MVL and Nakamura in one of their
online matches, ending in two draws in one win for MVL. However, that should
no longer be critical for theory.}) 19. Ne4 Rh8 20. e6 Nd5 (20... Bxe6 21. Bxc7
Nd5 22. Be5 Kf8 23. Nc5 b5 24. c4 bxc4 25. Rd4 Re8 26. Rxc4 Rh6 27. Ra4 $14 {
½-½ (65) Vachier Lagrave,M (2788)-Carlsen,M (2851) Norway 2016}) 21. exf7+
Kxf7 22. Bxc7 Nxc7 23. Rd7+ Kg6 24. Rxc7 Bd5 25. Nd2 Rhe8 26. Rxe8 Rxe8 27. Kf2
a5 $1 28. Rxb7 Ra8 29. Rb6 a4 30. c4 Be6 31. Rxc6 Kf7 32. Rb6 a3 33. Rb1 a2 34.
Ra1 Ra3 {and Black should make a draw relatively easily: ½-½ (51) Vachier
Lagrave,M (2796)-Giri,A (2771) Leuven 2017.}) 15... Bxc3 16. bxc3 h4 $1 (16...
Rd8 17. Rxd8+ Kxd8 18. g4 hxg4 19. hxg4 Ne7 20. Nxf7+ Bxf7 21. Bxh6 gxh6 22. e6
(22. f4 $5) 22... Bg6 23. Rd1+ Ke8 24. Rd7 Bxc2 25. Rxc7 b5 26. f4 Nd5 27. Rc8+
Ke7 28. f5 Bd1 29. Rg8 Nf6 30. Rg7+ Ke8 $11 {1/2-1/2 (37) Vachier Lagrave,M 
(2779)-Karjakin,S (2773) Saint Louis USA 2018}) (16... Rg6 17. Kh2 Ne7 18. Nxe6
Rxe6 19. g4 Nd5 20. Bd2 Nb6 21. f4 Nc4 22. Bc1 hxg4 23. hxg4 Rd8 24. Rxd8+ Kxd8
25. Kg3 f6 26. Rd1+ Ke8 27. exf6 gxf6 28. Kf3 Kf7 29. f5 Rd6 30. Rh1 Kg8 31. g5
Rd5 32. Kg4 Ne5+ 33. Kf4 fxg5+ 34. Kxg5 Nf7+ 35. Kf6 Kf8 36. Bf4 $18 {1-0 (79)
Karjakin,S (2773)-Nakamura,H (2777) Saint Louis 2018}) (16... Ne7 17. Nf3 Rh8 {
is also quite a solid line, as the two following high level games show:} 18.
Bg5 (18. Nd4 Nd5 19. Bg5 Nxc3 20. Rd3 Na4 21. f4 Nc5 22. Rc3 Na4 23. Rg3 c5 24.
Nxe6 fxe6 25. f5 Kf7 26. Bh4 Rag8 27. Rb1 $5 Nb6 28. fxe6+ Kxe6 29. Rg6+ Kf7
30. Rg5 Ke6 31. a4 Nxa4 32. Rxb7 Nc3 33. Rxc7 Ne4 34. Rg6+ Kf5 35. Ra6 g5 36.
Be1 Re8 37. Raxa7 Rxe5 38. Rf7+ Ke6 39. c4 Re8 40. Rg7 Kf5 41. Rgf7+ Ke6 42.
Rg7 Kf5 43. Rgf7+ {A great game by White, but by Black as well! ½-½ (43)
Topalov,V (2749)-Radjabov,T (2748) Shamkir 2018}) 18... c5 19. Nd2 Kf8 20. Nf1
Nf5 21. g3 Ne7 22. Kg2 Nd5 23. c4 Nb6 24. Ne3 Nxc4 25. Nxc4 Bxc4 26. g4 hxg4
27. hxg4 Bb5 28. Kg3 Re8 29. f4 b6 30. f5 Ba4 31. Rc1 Kg8 32. c4 Bc6 $11 {
Black is paralyzed but White has no breakthrough: ½-½ (55) Kramnik,V (2800)
-Karjakin,S (2763) Berlin 2018.}) 17. g4 $5 ({In the second round of the event,
Nepo played} 17. Kh2 {but it wasn't a big success:} Kf8 18. Rb1 b6 19. Rb4 Re8
$11 {½-½ (40) Nepomniachtchi,I (2774)-Grischuk,A (2777) Yekaterinburg 2020})
(17. Ne4 Rg6 18. g4 hxg3 19. fxg3 {Here Nakamura tried three different moves
against MVL.} Kf8 $1 {This seems to be the most precise.} (19... Ne7 $5 20. h4
Nd5 21. Bg5 Bf5 22. h5 Nxc3 $1 23. hxg6 Nxd1 24. Kg2 Bxg6 $2 25. Nc5 $1 b6 26.
Na6 Rc8 27. Rxd1 $18 {1-0 (98) Vachier Lagrave,M (2780)-Nakamura,H (2761)
Abidjan CIV 2019}) (19... Bd5 20. g4 Bxe4 21. Rxe4 Ne7 22. e6 $5 f5 23. Re5 Nd5
(23... fxg4 $6 24. Rh5 $1 $14) 24. Rxf5 Nxf4 25. Rxf4 Rxe6 26. Rdf1 Kd7 27.
Rf7+ Re7 {and although White can press, the position is close to a draw: ½-½
(53) Vachier Lagrave,M (2781)-Nakamura,H (2746) London 2018.}) 20. Kf2 (20. Kh2
Ne7 21. g4 Re8 $11 {½-½ (49) Vachier Lagrave,M (2778)-Karjakin,S (2750)
Saint Louis 2019}) 20... Ne7 21. h4 Nd5 22. Bg5 Bf5 23. h5 Nxc3 $1 24. hxg6
Nxe4+ {½-½ Vachier Lagrave,M (2775)-Nakamura,H (2754) Paris 2019}) 17... hxg3
$1 18. fxg3 Ne7 {Here, Grischuk had already spent 53 minutes, when MVL had
played all of his moves a tempo.} (18... Kf8 19. Kf2 $6 (19. Rf1 $5 $146 {
definitely makes sense, making ...Ne7 more difficut to play:} Ne7 20. Nxf7 $5
Rxh3 $8 21. Ng5 Rh6 22. Nxe6+ Rxe6 23. Rd7 Rc8 24. c4 Ke8 25. Rfd1 {and Black
won't have fun.}) 19... Ne7 20. g4 Nd5 21. Bd2 Nb6 22. Kg3 Nc4 23. Bc1 Bd5 24.
Re2 Re8 {was more than fine for Black in Giri,A (2779)-Nakamura,H (2754)
Zagreb 2019, ½-½ (39).}) (18... Rd8 $5 $146 {is the computer suggestion. I'm
pretty sure we will see it played pretty soon.}) 19. h4 $1 $146 {The engine
assess all these positions as equal, but actually Black's moves are much
harder to make.} (19. g4 $2 Nd5 20. Bd2 Nb6 $15 {½-½ (67) Vachier Lagrave,M 
(2779)-Nakamura,H (2777) chess.com 2018}) 19... Nd5 {The logical follow-up.}
20. Bc1 $1 {White sacs a pawn and gives priority to concrete initiative.} Nxc3
21. Rd3 Na4 $1 (21... Nd5 $6 22. Rf1 Rh8 23. Rdf3 b5 24. Nxf7 Rh5 25. Ng5 $14)
22. Rf3 Bd5 23. Rf4 Nb6 $1 (23... b5 $4 24. Nxf7 $3 Rg6 (24... Bxf7 25. Ref1
$18) 25. Ng5 $16) 24. Ref1 Rg6 $1 (24... Bc4 25. Nxf7 Bxf1 26. Nxh6 Bh3 27. Kh2
Be6 28. Nf5 $14) 25. Rf5 Bc4 26. Re1 Ke7 ({It is difficult to say who including
} 26... Rd8 {and} 27. Kh2 {would favour - but still I would bet on Black.} (27.
h5 $6 Rh6 28. g4 Rd4 $15)) 27. h5 $6 (27. e6 $5 f6 28. h5 Rh6 (28... Rxg5 29.
Bxg5 fxg5 $2 30. Rf7+ Kd6 31. Rxg7 $18) 29. g4 $1 {may have been a good try.})
27... Rh6 (27... Be6 $1 {would have solved Black's problems:} 28. Rf2 (28. Nxe6
$2 Kxe6 29. Rxf7 Kxf7 30. hxg6+ Kxg6 $17) 28... Rh6 29. g4 Nd7 $11) 28. g4 Rhh8
$6 ({Again} 28... Be6 $1 {may have been right:} 29. Nxe6 Rxe6 30. Bg5+ Kf8 31.
Ref1 Kg8 32. Rxf7 Nd5 $13) 29. a4 $1 {Now White is seriously taking over.} Nxa4
$2 {A natural reaction - but it's dangerous to accept such a gift by a top
player!} (29... Be6 {was necessary, but Black is already worse:} 30. Ba3+ Kd7
31. Rf4 Nd5 32. Rd1 b5 33. c4 bxc4 34. Nxe6 Kxe6 35. Rxc4 $14) 30. Ba3+ $2 {
No! Spending only three minutes to play, Maxime misses a forced win.} (30. Re4
$3 Be6 (30... b5 31. Rxc4 $1 bxc4 32. Rxf7+ Ke8 33. Rxc7 $18) 31. Nxe6 fxe6 (
31... Kxe6 $2 32. Rxa4 $18) 32. Bg5+ Ke8 33. Rf3 {followed with Ref4 and Rf7.})
30... c5 31. e6 (31. Re4 Be6 32. Nxe6 fxe6 33. Rg5 {may still have been best -
although the Re4 idea is obviously much less however if White doesn't have
Bg5+!}) 31... f6 32. Bxc5+ {Now the game is definitely heading towards a draw.}
Nxc5 33. Rxc5 fxg5 34. Rxc7+ Kd6 35. Rxc4 a5 36. Rd1+ $6 (36. Rd4+ {should
have been tried, but the outcome was likely to be the same:} Kc6 $1 37. Red1 (
37. Rd7 a4 38. Rxg7 a3 39. Rxg5 a2 40. Ra1 Kd6 41. Rg6 Rhe8 $11) 37... Rhe8 38.
Rd6+ Kc5 39. R6d5+ Kc4 40. Rxg5 Re7 $11 {Black's a-pawn is just too strong.})
36... Ke7 (36... Kxe6 {was also possible, but the text move is just good and
healthy.}) 37. Re4 Rhd8 38. Rb1 Rdb8 39. Rb5 a4 40. Rxg5 Rg8 41. h6 gxh6 (41...
a3 $5 42. h7 $8 Rge8 43. Rxg7+ Kf6 44. Rg8 $5 (44. Rf7+ Kg6 45. Rf1 $11) 44...
Rxg8 45. hxg8=Q Rxg8 46. Ra4 $11) 42. Rxg8 Rxg8 43. Rxa4 h5 44. Kf2 Rxg4 45.
Rxg4 hxg4 46. Kg3 Kxe6 47. Kxg4 Ke5 48. Kf3 Kd4 49. Ke2 Kc3 50. Kd1 b5 51. Kc1
b4 52. Kb1 b3 53. cxb3 Kxb3 1/2-1/2

[Event "Candidates Tournament"]
[Site "Ekaterinburg"]
[Date "2020.03.22"]
[Round "5"]
[White "Giri, Anish"]
[Black "Caruana, Fabiano"]
[Result "1/2-1/2"]
[WhiteElo "2763"]
[BlackElo "2842"]
[Annotator "Edouard,R"]
[PlyCount "83"]
[EventDate "2020.03.15"]
[EventType "tourn"]
[EventRounds "14"]
[EventCountry "RUS"]
[EventCategory "21"]
[SourceTitle "CBM 195"]
[Source "ChessBase"]
[SourceDate "2020.04.30"]
[SourceVersion "1"]
[SourceVersionDate "2020.04.30"]
[SourceQuality "1"]

1. d4 d5 2. c4 c6 3. Nf3 Nf6 4. e3 Bf5 5. Nc3 e6 6. Nh4 Be4 $5 {One of the
main lines, often used by Caruana... and by Giri from the Black side!} 7. f3
Bg6 8. Bd2 $5 ({After} 8. Qb3 {Anish Giri often found himself in trouble with
Black. Nevertheless, since then Anish seemed to have found how to solve
Black's problems there, as he picked another move against Fabiano!} Qc7 9. Bd2
Be7 10. Rc1 $5 (10. Nxg6 hxg6 11. g3 O-O 12. Bg2 dxc4 13. Qxc4 Nbd7 14. O-O e5
$11 {0-1 (33) Cori,J (2652)-Giri,A (2763) chess.com 2020}) (10. cxd5 cxd5 11.
Bb5+ Nc6 12. O-O O-O 13. Nxg6 hxg6 14. Rfc1 Bd6 $11 {½-½ (67) Karjakin,S 
(2754)-Giri,A (2776) Bucharest 2019}) 10... Nbd7 11. g3 dxc4 12. Bxc4 O-O 13.
Nxg6 hxg6 14. O-O e5 15. dxe5 (15. Qc2 exd4 16. exd4 Nb6 17. Bb3 Qd7 18. Be3
Nbd5 19. Bg5 Rfe8 {was close to equal in Karjakin,S (2748)-Giri,A (2779) Riga
2019, 1-0 (34).}) 15... Nxe5 (15... Qxe5 $5 16. Be2 Nc5 17. Qc2 Rad8 18. Kg2 g5
{miht have been the way to play, keeping the c5-knight ready to head to e6 
(and then d4 if White pushes e4).}) 16. Be2 Rad8 17. Rcd1 b5 $6 18. Kg2 a6 19.
Qc2 c5 20. e4 b4 21. Na4 Nc6 22. Be3 $16 {½-½ (53) Nakamura,H (2741)-Giri,A 
(2776) Kolkata 2019}) 8... Be7 9. Nxg6 hxg6 10. Qc2 Nbd7 $5 (10... a6 11. O-O-O
dxc4 12. Bxc4 Nbd7 {has been the plan chosen by several GMs. Here} 13. e4 $5
$146 {might bring White a small advantage:} b5 (13... Nb6 14. Ne2 Nxc4 15. Qxc4
$36) 14. Be2 $1 (14. Bxe6 fxe6 15. e5 Nd5 16. Nxd5 cxd5 17. Qxg6+ Kf8 18. Qxe6
Nb6 $13) 14... c5 15. dxc5 Nxc5 16. e5 Nfd7 (16... Nd5 17. Nxd5 Qxd5 18. Kb1
$14) 17. f4 $14) 11. O-O-O Nb6 $5 {An interesting (and typical) idea to force
matters with the c4-pawn.} (11... Qc7 12. h4 dxc4 13. Bxc4 b5 14. Bd3 a6 15. g4
$5 $146 (15. Ne4 Nxe4 16. Bxe4 Rc8 17. Kb1 Nf6 18. Rc1 Nxe4 19. Qxe4 Qd7 20.
Be1 f5 21. Qc2 c5 $11 {½-½ (67) Lupulescu,C (2643)-Bu Xiangzhi (2721)
Douglas 2019}) 15... c5 16. g5 cxd4 17. exd4 Nh5 18. d5 {and I suspect Black
can't equalize there.}) 12. c5 Nbd7 13. Kb1 Qb8 $5 (13... b6 14. cxb6 axb6 15.
e4 b5 16. exd5 (16. e5 Ng8 {would be solid for Black}) 16... exd5 (16... Nxd5
17. Nxd5 cxd5 18. Bxb5 $16) 17. g4 {should be pleasant for White.}) 14. h4 ({
I assume saccing the h2-pawn with} 14. e4 $5 {was definitely an option, but
after} Rxh2 (14... dxe4 15. Nxe4 $1 Nd5 16. h4 $36) 15. Bd3 Rxg2 16. Rh8+ Nf8 {
the position is difficult to assess, although I would tend to like White.})
14... g5 $6 {A natural move, but also a serious mistake.} (14... b6 15. cxb6
axb6 16. e4 b5 {should be critical, and after} 17. exd5 Nxd5 18. Nxd5 cxd5 {
Black should be happy to have his b5-pawn protected. And if} 19. Qc6 {then} b4
20. Bb5 Qa7 {looks just fine for Black.}) 15. Be1 $1 g4 16. e4 gxf3 17. gxf3 b6
18. exd5 exd5 19. cxb6 axb6 {Suddenly many files are open and White's position
is definitely excellent.} 20. Ne2 $5 Qa7 21. b3 Nh5 22. Ng3 g6 (22... Nf4 23.
Nf5 $16) 23. Nxh5 Rxh5 24. f4 Kf8 25. Be2 Rh8 {Fabiano is struggling as he can.
} 26. Bd3 ({The engine likes} 26. f5 $5 g5 27. Bf3 $1 gxh4 28. Bg3 $5 {where
he considers Black to be more or less paralyzed!}) 26... c5 27. Bc3 ({Amongst
the computer's suggestions:} 27. f5 $5 g5 28. dxc5 bxc5 29. Bc3 Rxh4 (29... d4
30. hxg5 $1 Rxh1 31. Rxh1 dxc3 32. Be4 $1 Rb8 33. Rh8+ Kg7 34. Qxc3+ f6 35.
Rh7+ $1 Kxh7 36. Qh3+ Kg7 37. Qh6+ Kf7 38. Qg6+ Kf8 39. Bd5 $18 {Hope you
enjoyed that one!}) 30. Rxh4 gxh4 31. Bb5 $1 d4 32. Bd2 $16) 27... cxd4 28.
Bxd4 Bf6 29. Bxf6 Nxf6 30. f5 gxf5 31. Bxf5 b5 32. Rh2 $5 {A new protection to
the a2-pawn can't hurt.} Rh5 33. Re2 $6 {Anish is now taking it too easy.} (33.
Rf2 $1 {was best, with the idea of} Rxh4 34. Bg6 $1 Kg7 35. Rxf6 $1 Kxf6 36.
Rf1+ Kg7 37. Rxf7+ Qxf7 38. Bxf7 Rh1+ 39. Kb2 Kxf7 40. Qf5+ {and White seems
to be winning.}) (33. Rf1 $5) 33... d4 $1 34. Re5 $2 (34. Be4 {was the last
chance for an advantage.}) 34... Ng4 $1 {Suddenly Black forces a draw!} 35. Rc5
Ne3 36. Rc8+ Rxc8 37. Qxc8+ Ke7 38. Rc1 Nd5 $8 39. Re1+ Ne3 $8 40. Rc1 Nd5 41.
Re1+ Ne3 42. Rc1 1/2-1/2